| 000 | 00488nam a2200169Ia 4500 | ||
|---|---|---|---|
| 008 | 090201s9999 xx 000 0 und d | ||
| 010 | _aKPL-40013 | ||
| 040 | _bमराठी | ||
| 041 | _aमराठी | ||
| 082 |
_a23362 _b40013 |
||
| 100 | _aअशोक थोरे | ||
| 245 |
_aलालसा _cअशोक थोरे |
||
| 260 |
_c2004 _bदिलीपराज प्रकाशन |
||
| 300 |
_a230 _bमोठा |
||
| 600 | _aलालसा | ||
| 942 | _cBOOK | ||
| 999 |
_c222839 _d222839 |
||